Tilastot visalle Suomen pienpuolueet

Klikkaa tästä pelataksesi tätä visaa!

Yleistilastot

  • Tätä visaa on pelattu 31 kertaa
  • Keskiarvotulos 8 / 30

Vastaustilastot

Viimeisin eduskuntavaaliPuolueen nimi% Oikein
2023Kommunistinen puolue
78%
2023Piraattipuolue
78%
2023Eläinoikeuspuolue
70%
2023Liberaalipuolue
70%
2023Kristallipuolue
65%
2023Valta kuuluu kansalle
65%
2023Feministinen puolue
61%
2023Korjausliike
57%
2023Sinimusta liike
52%
2023Suomen kansa ensin
43%
2019Seitsemän tähden liike
35%
2023Vapauden liitto
30%
2023Avoin puolue
22%
2015Muutos 2011
22%
2023Kansalaisliitto
13%
2019Kansalaispuolue
13%
2015Köyhien Asialla
13%
2019Kommunistinen työväenpuolue
9%
1999Luonnonlain puolue
9%
2011Vapauspuolue
9%
1995Naisten puolue
4%
1999Suomen Eläkeläisten Puolue
4%
2007Suomen Isänmaallinen kansanliike
4%
2011Suomen Senioripuolue
4%
2003Suomi Nousee - Kansa Yhdistyy
4%
1991Ihmisyydenpuolue
0%
2003Muutosvoimat Suomi
0%
2007Suomen Kansan Sinivalkoiset
0%
2015Suomen Työväenpuolue
0%
2007Yhteisvastuu puolue
0%

Tulosjakauma

Persentiili vastausten määrän mukaan

Jokaisen tuloksen saaneiden osuus

Tuloshistoriasi

Et ole pelannut tätä visaa